| 000 | 00562nam a2200205Ia 4500 | ||
|---|---|---|---|
| 005 | 20250923145207.0 | ||
| 008 | 008 250917s9999 xx 000 0 eng d | ||
| 037 | _aTextual | ||
| 040 |
_aDSWL _beng _cDSWL |
||
| 041 |
_aeng _2eng |
||
| 084 |
_aYX,ZF, N67;2 _qDSWL |
||
| 100 |
_aRoss, M.G. _9832749 |
||
| 245 | 0 |
_aCommunity Organization _cby M.G. Ross |
|
| 260 |
_bHarper International Edition _c1967 |
||
| 300 | _aviii,178p. | ||
| 365 |
_aUSD _b3 |
||
| 925 | _g3 | ||
| 942 |
_cTEXL _hYX,ZF, N67;2 |
||
| 999 |
_c1448300 _d1448300 |
||